[Event "Mechanics' Winter TNM; 30/90, SD/30"]
[Site "San Francisco"]
[Date "2010.01.26"]
[Round "4.13"]
[White "Capdeville, Barry"]
[Black "Leavens, Weston"]
[Result "1-0"]
[WhiteElo "1133"]
[BlackElo "1858"]
[PlyCount "105"]
[EventDate "2010.??.??"]

1. e4 e6 2. d4 d5 3. Nd2 Nf6 4. e5 Nfd7 5. Bd3 c5 6. c3 Nc6 7. Ndf3 Qb6 8. Ne2
cxd4 9. cxd4 Be7 10. a3 f6 11. Nf4 Nf8 12. O-O Nxd4 13. Nxd4 fxe5 14. Qh5+ Kd8
15. Qxe5 Bf6 16. Ndxe6+ Bxe6 17. Nxe6+ Qxe6 18. Qg3 g6 19. Bf4 Rc8 20. Rfe1 Qd7
21. Be5 Bxe5 22. Rxe5 Ne6 23. Rae1 Re8 24. Qe3 Ng7 25. Qg5+ Kc7 26. Re7 Kb8 27.
Rxd7 Rxe1+ 28. Bf1 Nf5 29. Qf4+ Ka8 30. Qc7 Rb8 31. Rd8 Re8 32. Rxb8+ Rxb8 33.
Qd7 d4 34. Bd3 a6 35. g4 Nh4 36. Qxh7 Nf3+ 37. Kf1 Re8 38. Be2 Nd2+ 39. Ke1
Nf3+ 40. Kd1 Ne5 41. f4 Nc6 42. Qxg6 Rh8 43. Bxa6 Rxh2 44. Bb5 Na5 45. Qg8+ Ka7
46. Qd5 Kb6 47. b4 Nc6 48. Bxc6 bxc6 49. Qxd4+ Kb5 50. f5 Ka4 51. f6 Rh7 52.
b5+ Kxb5 53. Qd3+ 1-0

[Event "Mechanics' Winter TNM; 30/90, SD/30"]
[Site "San Francisco"]
[Date "2010.02.23"]
[Round "8.19"]
[White "Capdeville, Barry"]
[Black "Morgan, Jerry"]
[Result "0-1"]
[WhiteElo "1133"]
[BlackElo "1441"]
[PlyCount "84"]
[EventDate "2010.??.??"]

1. e4 c6 2. d4 d5 3. e5 c5 4. c3 Bf5 5. Nf3 Nc6 6. Be2 e6 7. O-O cxd4 8. cxd4
Nge7 9. Bf4 Bg4 10. Nc3 a6 11. a3 Bxf3 12. Bxf3 Nf5 13. Ne2 Qb6 14. Be3 Be7 15.
b4 O-O 16. Qd2 Rac8 17. g3 Rc7 18. Rac1 Rfc8 19. Rc3 Na7 20. Rxc7 Rxc7 21. Rc1
Nb5 22. Rxc7 Qxc7 23. Qd3 Bd8 24. a4 Na7 25. Nc3 Qb6 26. b5 axb5 27. axb5 Qa5
28. Be2 Bb6 29. Bd2 Nxd4 30. Nxd5 Qa1+ 31. Kg2 exd5 32. Bc3 Qa4 33. Bd1 Qc4 34.
Qxc4 dxc4 35. Bxd4 Bxd4 36. Be2 c3 37. Bd3 Nxb5 38. f4 Na3 39. Kf1 c2 40. Bxc2
Nxc2 41. Ke2 Nb4 42. Kd2 Kf8 0-1

[Event "Mechanics' Winter TNM; 30/90, SD/30"]
[Site "San Francisco"]
[Date "2010.01.12"]
[Round "2.23"]
[White "Cohee, James"]
[Black "Montoya, Daniel"]
[Result "1-0"]
[WhiteElo "1640"]
[BlackElo "1398"]
[PlyCount "45"]
[EventDate "2010.??.??"]

1. d4 d5 2. c4 Nc6 3. Nc3 dxc4 4. Nf3 Nf6 5. e3 Bg4 6. Bxc4 e6 7. O-O Bd6 8. h3
Bh5 9. Be2 O-O 10. Qb3 Rb8 11. Rd1 Ne7 12. e4 Nxe4 13. Nxe4 Nd5 14. Nxd6 Qxd6
15. g4 Bg6 16. Ne5 Ne7 17. Bf4 Be4 18. Ng6 e5 19. Nxe7+ Qxe7 20. dxe5 Qh4 21.
Rac1 c6 22. Qe3 Bg6 23. Bg5 1-0

[Event "Mechanics' Winter TNM; 30/90, SD/30"]
[Site "San Francisco"]
[Date "2010.02.09"]
[Round "6.15"]
[White "Cohee, James"]
[Black "Newey, Richard"]
[Result "1-0"]
[WhiteElo "1640"]
[BlackElo "1754"]
[PlyCount "67"]
[EventDate "2010.??.??"]

1. d4 d5 2. c4 dxc4 3. e4 e5 4. Nf3 exd4 5. Qxd4 Qxd4 6. Nxd4 Bc5 7. Be3 Bd7 8.
Bxc4 Nf6 9. Nc3 Nc6 10. Nxc6 Bxe3 11. Ne5 Bd4 12. Bxf7+ Ke7 13. Nxd7 Bxc3+ 14.
bxc3 Kxf7 15. Nxf6 gxf6 16. Rd1 Rad8 17. Ke2 Ke6 18. f4 Rd7 19. Rxd7 Kxd7 20.
Rd1+ Kc6 21. Ke3 Rg8 22. g3 h5 23. Rd5 h4 24. Kf3 hxg3 25. hxg3 Rh8 26. Kg2 Rg8
27. Kf3 Rh8 28. Rd2 Rh1 29. Kg4 Rg1 30. Kf5 Rxg3 31. Kxf6 Rxc3 32. e5 Rh3 33.
e6 Rh6+ 34. Kf5 1-0

[Event "Mechanics' Winter TNM; 30/90, SD/30"]
[Site "San Francisco"]
[Date "2010.01.26"]
[Round "4.9"]
[White "Cohee, James"]
[Black "Sanguinetti, George"]
[Result "0-1"]
[WhiteElo "1640"]
[BlackElo "1980"]
[PlyCount "88"]
[EventDate "2010.??.??"]

1. d4 Nf6 2. c4 e6 3. Nc3 Bb4 4. Nf3 O-O 5. g3 c5 6. Bg2 cxd4 7. Nxd4 Nc6 8.
O-O a6 9. Nxc6 bxc6 10. Qc2 d5 11. Rd1 Qe7 12. a3 Bc5 13. b4 Ba7 14. Bb2 Bb7
15. c5 Rad8 16. e3 e5 17. Ne2 Bc8 18. Qa4 Qc7 19. Nc1 Rfe8 20. Bf1 Bg4 21. Be2
Bxe2 22. Nxe2 Qc8 23. Kg2 h5 24. Ng1 h4 25. Nf3 h3+ 26. Kg1 Qg4 27. Ne1 Bxc5
28. Rd2 a5 29. Qc2 Ba7 30. Qd1 Qe6 31. Nf3 Ne4 32. Rc2 f6 33. Rac1 Rc8 34. Nh4
g5 35. Nf3 axb4 36. axb4 Re7 37. Nd2 Nxd2 38. Qxd2 d4 39. Re1 Qd5 40. e4 Qe6
41. Qd3 Rec7 42. Bc1 c5 43. Qc4 Qxc4 44. Rxc4 cxb4 0-1

[Event "Mechanics' Winter TNM; 30/90, SD/30"]
[Site "San Francisco"]
[Date "2010.01.19"]
[Round "3.10"]
[White "Dembling, Arthur"]
[Black "Jelinek, Jules"]
[Result "1-0"]
[WhiteElo "1717"]
[BlackElo "2131"]
[PlyCount "92"]
[EventDate "2010.??.??"]

1. e4 c5 2. Nf3 d6 3. Bb5+ Bd7 4. Bxd7+ Qxd7 5. O-O Nc6 6. c3 h6 7. d4 Rd8 8.
d5 Ne5 9. Nxe5 dxe5 10. Be3 b6 11. c4 g5 12. Nc3 Nf6 13. f3 Nh5 14. Qa4 Qxa4
15. Nxa4 Nf4 16. Nc3 Bg7 17. a4 O-O 18. a5 Rb8 19. axb6 Rxb6 20. Na4 Ne2+ 21.
Kf2 Nd4 22. Nxb6 axb6 23. Ra6 Rb8 24. Rfa1 Nb3 25. Ra8 Rxa8 26. Rxa8+ Bf8 27.
Rb8 Na5 28. b3 Nxb3 29. Rxb6 Na5 30. Bxc5 Nxc4 31. Rb8 Kg7 32. Rb7 Nd6 33. Rb8
h5 34. Kg3 f5 35. Bxd6 f4+ 36. Kf2 exd6 37. Ke2 g4 38. h3 gxh3 39. gxh3 Be7 40.
Rb7 Kf6 41. Kf1 Kf7 42. Kg2 Ke8 43. Rb8+ Kf7 44. Rh8 Kg6 45. Rb8 Kf7 46. Rb7
Ke8 {The score sheet stops making sense at this point} 1-0

[Event "Mechanics' Winter TNM; 30/90, SD/30"]
[Site "San Francisco"]
[Date "2010.02.09"]
[Round "6.11"]
[White "Dembling, Arthur"]
[Black "Jones, James"]
[Result "0-1"]
[WhiteElo "1717"]
[BlackElo "2075"]
[PlyCount "68"]
[EventDate "2010.??.??"]

1. e4 e5 2. Nf3 Nc6 3. Bb5 Nd4 4. Nxd4 exd4 5. O-O Nf6 6. c3 c6 7. Ba4 Bc5 8.
d3 d6 9. h3 h6 10. Bf4 O-O 11. Re1 Be6 12. Bb3 Bxb3 13. Qxb3 Nh5 14. Bh2 Qg5
15. Na3 b5 16. Rad1 Nf4 17. Bxf4 Qxf4 18. Re2 Rae8 19. Nc2 dxc3 20. Qxc3 f5 21.
d4 Bb6 22. Qxc6 fxe4 23. Qd5+ Kh8 24. Ne3 Bd8 25. Qxb5 Bh4 26. Rf1 Qf7 27. Qd5
Qg6 28. Rc1 Bg5 29. Rc6 Bxe3 30. Rxe3 Qf6 31. Rc2 Qf4 32. Qh5 Rc8 33. Qe2 d5
34. f3 $4 (34. Rc5) (34. Rec3) 34... Rxc2 0-1

[Event "Mechanics' Winter TNM; 30/90, SD/30"]
[Site "San Francisco"]
[Date "2010.02.16"]
[Round "7.16"]
[White "Dembling, Arthur"]
[Black "Paramonov, Sergey"]
[Result "1-0"]
[WhiteElo "1717"]
[BlackElo "1536"]
[PlyCount "79"]
[EventDate "2010.??.??"]

1. e4 c5 2. Nf3 d6 3. Bb5+ Bd7 4. Bxd7+ Qxd7 5. O-O e5 6. c3 Nf6 7. Re1 Nc6 8.
Na3 Be7 9. Nc2 O-O 10. d4 Rad8 11. d5 Na5 12. b3 b5 13. Qe2 Rb8 14. Bd2 Nb7 15.
Reb1 Rfc8 16. c4 bxc4 17. bxc4 Qa4 18. Qd3 Na5 19. Bxa5 Qxa5 20. Rb3 Rxb3 21.
axb3 Qb6 22. Nd2 Nh5 23. g3 Bg5 24. Nb1 Rb8 25. h4 Bc1 26. Nba3 Bb2 27. Rb1
Bxa3 28. Nxa3 a6 29. Nc2 g6 30. b4 Qc7 31. Qa3 cxb4 32. Rxb4 Rxb4 33. Qxb4 f5
34. Kg2 fxe4 35. Ne3 Nf6 36. Qb3 Nd7 37. Qa4 Nc5 38. Qe8+ Kg7 39. h5 Qf7 40.
h6+ 1-0

[Event "Mechanics' Winter TNM; 30/90, SD/30"]
[Site "San Francisco"]
[Date "2010.01.26"]
[Round "4.23"]
[White "Frank, Robert"]
[Black "Allen, Tom"]
[Result "1-0"]
[WhiteElo "1239"]
[BlackElo "1552"]
[PlyCount "25"]
[EventDate "2010.??.??"]

1. d4 d5 2. Nf3 Nc6 3. e3 Bg4 4. c4 e5 5. dxe5 Nxe5 6. cxd5 Nxf3+ 7. gxf3 Bd7
8. Rg1 g6 9. Qd4 Nf6 10. e4 Bg7 11. Bg5 Nh5 12. Qb4 Qc8 13. Qe7# 1-0

[Event "Mechanics' Winter TNM; 30/90, SD/30"]
[Site "San Francisco"]
[Date "2010.02.09"]
[Round "6.20"]
[White "Frank, Robert"]
[Black "Askin, Michael"]
[Result "0-1"]
[WhiteElo "1239"]
[BlackElo "1699"]
[PlyCount "88"]
[EventDate "2010.??.??"]

1. d4 d5 2. Nf3 Nf6 3. e3 c5 4. c3 Nc6 5. Bd3 Bg4 6. Nbd2 e6 7. h3 Bh5 8. O-O
c4 9. Bc2 b5 10. e4 Be7 11. e5 Nd7 12. Re1 a5 13. a4 b4 14. Nf1 b3 15. Bb1 Nb6
16. g4 Bg6 17. Bxg6 hxg6 18. Kh2 Kd7 19. Ng3 Kc7 20. Kg2 Qd7 21. g5 Nd8 22. h4
Nxa4 23. Rh1 Nb6 24. h5 gxh5 25. Nxh5 Nc6 26. Nxg7 Rag8 27. Nh5 Qd8 28. Nf6
Rxh1 29. Kxh1 Rh8+ 30. Kg2 a4 31. Nh2 Na7 32. f4 Nb5 33. Qf3 Bxf6 34. gxf6 Qg8+
35. Qg3 Qh7 36. Ng4 Qh1+ 37. Kf2 Qd1 38. Ne3 Qh1 39. Ng2 Qh7 40. Ne3 Rg8 41.
Qf3 Qh2+ 42. Ng2 a3 43. bxa3 Nxc3 44. Bb2 Ne4+ 0-1

[Event "Mechanics' Winter TNM; 30/90, SD/30"]
[Site "San Francisco"]
[Date "2010.01.12"]
[Round "2.13"]
[White "Frank, Robert"]
[Black "Leavens, Weston"]
[Result "0-1"]
[WhiteElo "1239"]
[BlackElo "1858"]
[PlyCount "54"]
[EventDate "2010.??.??"]

1. d4 e6 2. e4 d5 3. e5 c5 4. c3 Qb6 5. Nf3 Bd7 6. Bd3 Bb5 7. O-O Bxd3 8. Qxd3
Nc6 9. b3 cxd4 10. cxd4 Rc8 11. Bd2 Nb4 12. Bxb4 Bxb4 13. a3 Be7 14. b4 Nh6 15.
Nc3 O-O 16. h3 Rc4 17. Ne2 Rfc8 18. Nd2 R4c7 19. Rfc1 Nf5 20. Nf3 f6 21. g4
fxe5 22. Nxe5 Rxc1+ 23. Rxc1 Rxc1+ 24. Nxc1 Qxd4 25. gxf5 Qxe5 26. Qe3 Qxf5 27.
Qxa7 Qg5+ 0-1

[Event "Mechanics' Winter TNM; 30/90, SD/30"]
[Site "San Francisco"]
[Date "2010.02.16"]
[Round "7.11"]
[White "Fuentes, Romulo"]
[Black "Bookman, Zachary"]
[Result "1-0"]
[WhiteElo "2177"]
[BlackElo "1465"]
[PlyCount "49"]
[EventDate "2010.??.??"]

1. e4 e5 2. Nf3 Nc6 3. d4 exd4 4. Bc4 Bb4+ 5. c3 Ba5 6. Nxd4 d6 7. Nxc6 bxc6 8.
Qh5 d5 9. exd5 Qe7+ 10. Be3 Nf6 11. Qg5 cxd5 12. Bxd5 Rb8 13. Bc6+ Bd7 14.
Bxd7+ Qxd7 15. Qxa5 Qd3 16. Qa4+ Nd7 17. Qd4 Qxd4 18. Bxd4 Rxb2 19. O-O O-O 20.
Na3 Re8 21. Nc4 Rc2 22. Rfc1 Ree2 23. Rxc2 Rxc2 24. Ne3 Rd2 25. Bxa7 1-0

[Event "Mechanics' Winter TNM; 30/90, SD/30"]
[Site "San Francisco"]
[Date "2010.01.19"]
[Round "3.9"]
[White "Fuentes, Romulo"]
[Black "Litowsky, Daniel"]
[Result "1-0"]
[WhiteElo "2177"]
[BlackElo "1705"]
[PlyCount "55"]
[EventDate "2010.??.??"]

1. e4 e5 2. Nf3 Nc6 3. d4 exd4 4. Bc4 Be7 5. c3 Nf6 6. e5 d5 7. exf6 Bxf6 8.
Be2 O-O 9. Nxd4 Ne5 10. O-O Re8 11. Be3 c6 12. Nd2 Ng6 13. N2f3 b6 14. Nxc6 Qd6
15. Ncd4 Bd7 16. Bd3 Re7 17. Nf5 Bxf5 18. Bxf5 Rae8 19. Bxg6 hxg6 20. Bd4 Re2
21. Bxf6 Qxf6 22. Re1 R2e4 23. Qxd5 Qf4 24. Rxe4 Rxe4 25. h3 Re2 26. b3 Rc2 27.
Re1 Kh7 28. Qd4 1-0

[Event "Mechanics' Winter TNM; 30/90, SD/30"]
[Site "San Francisco"]
[Date "2010.02.02"]
[Round "5.7"]
[White "Fuentes, Romulo"]
[Black "Liu, Daniel"]
[Result "1/2-1/2"]
[WhiteElo "2177"]
[BlackElo "1949"]
[PlyCount "40"]
[EventDate "2010.??.??"]

1. e4 c5 2. Nf3 Nc6 3. d4 cxd4 4. Nxd4 g6 5. Nc3 Bg7 6. Be3 Nf6 7. Bc4 Qa5 8.
O-O O-O 9. a3 d6 10. h3 Bd7 11. b4 Qd8 12. Qd2 Rc8 13. Be2 Ne5 14. Rac1 a5 15.
f3 axb4 16. axb4 Nc4 17. Bxc4 Rxc4 18. Nd1 e5 19. Ne2 Be6 20. Nb2 Rc8 1/2-1/2

[Event "Mechanics' Winter TNM; 30/90, SD/30"]
[Site "San Francisco"]
[Date "2010.02.23"]
[Round "8.7"]
[White "Fuentes, Romulo"]
[Black "Manvelyan, Hovik"]
[Result "1-0"]
[WhiteElo "2177"]
[BlackElo "1953"]
[PlyCount "113"]
[EventDate "2010.??.??"]

1. e4 e6 2. d4 d5 3. Nc3 Bb4 4. e5 Qd7 5. Nf3 Nc6 6. Bd2 b6 7. Bd3 Bb7 8. O-O
O-O-O 9. a3 Be7 10. b4 f5 11. Ne2 h6 12. b5 Nb8 13. a4 g5 14. a5 g4 15. Ne1 Bg5
16. f4 gxf3 17. Nxf3 Bxd2 18. Qxd2 Ne7 19. axb6 axb6 20. Ra7 Rdg8 21. Nf4 Ng6
22. Nh5 Qe7 23. Nf6 Rg7 24. Rfa1 Nf8 25. c3 Nfd7 26. Nh5 Rg4 27. h3 Rg6 28. Kh2
Rhg8 29. Nf4 Rg3 30. Qf2 Nf8 31. Bf1 Qf7 32. Qa2 R3g7 33. Rxb7 Kxb7 34. Qa8+
Kc8 35. Ra7 Nfd7 36. Qb7+ Kd8 37. Qxc7+ Ke8 38. Qd6 Qe7 39. Qxe6 Qxe6 40. Nxe6
Rf7 41. Nc7+ Kf8 42. e6 Re7 43. exd7 Rxd7 44. Ne5 Re7 45. Ra8 Rxc7 46. Rxb8+
Kg7 47. Rxg8+ Kxg8 48. Nc6 Kf7 49. Kg3 Kf6 50. Kf4 Rc8 51. Bd3 Re8 52. Nb4 Re1
53. Nxd5+ Ke6 54. Nxb6 Rc1 55. c4 Rd1 56. Bxf5+ Kd6 57. c5+ 1-0

[Event "Mechanics' Winter TNM; 30/90, SD/30"]
[Site "San Francisco"]
[Date "2010.01.26"]
[Round "4.4"]
[White "Gaffagan, Steven"]
[Black "Fuentes, Romulo"]
[Result "1/2-1/2"]
[WhiteElo "2016"]
[BlackElo "2177"]
[PlyCount "80"]
[EventDate "2010.??.??"]

1. d4 Nf6 2. c4 e6 3. Nc3 c5 4. d5 exd5 5. cxd5 Bd6 6. g3 O-O 7. Bg2 Re8 8. Nf3
a6 9. a4 Bc7 10. O-O d6 11. Nd2 Nbd7 12. Nc4 Rb8 13. Na3 Ba5 14. Rb1 Nf8 15.
Qd3 Bd7 16. Qc4 Ng6 17. f4 Bf5 18. e4 Bxc3 19. exf5 Bd4+ 20. Kh1 Ne7 21. Nc2
Nxf5 22. Qd3 g6 23. Bh3 c4 24. Qxc4 Ne3 25. Qxd4 Nxf1 26. Bxf1 Re4 27. Qd1 Qd7
28. Bg2 Rxa4 29. b3 Ng4 30. Qf3 Ra2 31. Rb2 Rxb2 32. Bxb2 Qc7 33. Ne3 Nxe3 34.
Qxe3 Qc2 35. Ba3 Qd1+ 36. Qg1 Qxb3 37. Bxd6 Rd8 38. Be5 Rxd5 39. Bxd5 Qxd5+ 40.
Qg2 Qd1+ 1/2-1/2

[Event "Mechanics' Winter TNM; 30/90, SD/30"]
[Site "San Francisco"]
[Date "2010.01.12"]
[Round "2.9"]
[White "Gaffagan, Steven"]
[Black "Paramonov, Sergey"]
[Result "0-1"]
[WhiteElo "2016"]
[BlackElo "1536"]
[PlyCount "41"]
[EventDate "2010.??.??"]

1. e4 c5 2. Nf3 d6 3. d4 cxd4 4. Nxd4 Nf6 5. Nc3 g6 6. Be3 Bg7 7. f3 O-O 8. Qd2
Nc6 9. O-O-O Bd7 10. Kb1 Rc8 11. g4 Ne5 12. h4 h5 13. gxh5 Nxh5 14. Rg1 Nc4 15.
Bxc4 Rxc4 16. Rg5 a6 17. Nde2 Bf6 18. Rxh5 gxh5 19. Rg1+ Kh8 20. Bb6 Bg7 21.
Bxd8 0-1

[Event "Mechanics' Winter TNM; 30/90, SD/30"]
[Site "San Francisco"]
[Date "2010.02.09"]
[Round "6.4"]
[White "Gaffagan, Steven"]
[Black "Sandberg, Evan"]
[Result "0-1"]
[WhiteElo "2016"]
[BlackElo "2119"]
[PlyCount "64"]
[EventDate "2010.??.??"]

1. e4 c5 2. Nc3 Nc6 3. g3 g6 4. Bg2 Bg7 5. d3 d6 6. Be3 Rb8 7. Qd2 b5 8. f4 Nd4
9. Nd1 e5 10. c3 Nc6 11. Nf3 Bg4 12. O-O h5 13. Nf2 Bxf3 14. Bxf3 exf4 15. gxf4
Nd4 16. Bxd4 cxd4 17. e5 dxe5 18. Rae1 Ne7 19. fxe5 Bh6 20. Qd1 Nf5 21. Ne4 Ne3
22. Nd6+ Kf8 23. Qb3 Rh7 24. Be4 Nxf1 25. Rxf1 Bf4 26. cxd4 Qh4 27. Qc2 f5 28.
Qg2 Qg4 29. Qxg4 Be3+ 30. Kg2 hxg4 31. d5 Bd4 32. e6 Ke7 0-1

[Event "Mechanics' Winter TNM; 30/90, SD/30"]
[Site "San Francisco"]
[Date "2010.01.05"]
[Round "2.8"]
[White "Gonda, Thomas"]
[Black "Argishti, Dante"]
[Result "0-1"]
[WhiteElo "1637"]
[BlackElo "2026"]
[PlyCount "52"]
[EventDate "2010.??.??"]

1. c4 Nf6 2. Nc3 e6 3. Nf3 d5 4. e3 Be7 5. b3 O-O 6. Bb2 b6 7. d4 Bb7 8. Bd3
Nbd7 9. O-O c5 10. Ne5 dxc4 11. bxc4 Bd6 12. f4 cxd4 13. exd4 g6 14. h4 Nh5 15.
Nxd7 Qxd7 16. Ne4 Bxe4 17. Bxe4 Rac8 18. f5 Qc7 19. g4 Bh2+ 20. Kh1 Ng3+ 21.
Kxh2 Nxf1+ 22. Kg1 Qh2+ 23. Kxf1 Qxb2 24. Rb1 Qxa2 25. f6 Qxc4+ 26. Kg1 Rcd8
0-1

[Event "Mechanics' Winter TNM; 30/90, SD/30"]
[Site "San Francisco"]
[Date "2010.01.26"]
[Round "4.24"]
[White "Gonda, Thomas"]
[Black "Olson, David"]
[Result "0-1"]
[WhiteElo "1637"]
[BlackElo "1547"]
[PlyCount "58"]
[EventDate "2010.??.??"]

1. e4 c5 2. Nc3 e6 3. f4 Nc6 4. Nf3 Be7 5. d4 cxd4 6. Nxd4 Nxd4 7. Qxd4 Nf6 8.
e5 Ng4 9. Be2 f5 10. Bxg4 fxg4 11. Be3 O-O 12. O-O-O a6 13. h3 g3 14. Ne4 Bh4
15. Qb4 b5 16. Nc5 Qe7 17. Qe4 Rb8 18. Rd6 Qe8 19. Nxa6 Bb7 20. Qd3 Rc8 21. Rd1
Bxg2 22. Rxd7 Bxh3 23. Qd6 Bf5 24. Nc7 Qg6 25. Rh1 Qg4 26. c3 Rfd8 27. Bd2 Rxd7
28. Qxd7 Rd8 29. Qxb5 g2 0-1

[Event "Mechanics' Winter TNM; 30/90, SD/30"]
[Site "San Francisco"]
[Date "2010.01.05"]
[Round "2.15"]
[White "Goodall, Mike"]
[Black "Bookman, Zachary"]
[Result "0-1"]
[WhiteElo "1900"]
[BlackElo "1465"]
[PlyCount "74"]
[EventDate "2010.??.??"]

1. e4 e5 2. Nf3 Nc6 3. Bb5 d6 4. d4 Bd7 5. dxe5 Nxe5 6. Bxd7+ Nxd7 7. O-O Ngf6
8. Nc3 Be7 9. Re1 O-O 10. Bf4 Nh5 11. Bg3 Nxg3 12. hxg3 Bf6 13. Nd5 Re8 14. c3
Ne5 15. Qc2 Re6 16. Rad1 Nxf3+ 17. gxf3 Qd7 18. f4 Rae8 19. f5 Re5 20. f4 Rxd5
21. Rxd5 g6 22. Qd2 Qa4 23. b3 Qc6 24. e5 dxe5 25. fxe5 Bg5 26. Qd4 gxf5 27. c4
Qe6 28. Qxa7 f4 29. Qf2 fxg3 30. Qxg3 h6 31. Rdd1 Kh8 32. Kf1 Rg8 33. Qf3 Bh4
34. Re2 Rg3 35. Qh1 Qg4 36. Red2 Rf3+ 37. Ke2 Qe4# 0-1

[Event "Mechanics' Winter TNM; 30/90, SD/30"]
[Site "San Francisco"]
[Date "2010.01.26"]
[Round "4.8"]
[White "Grey, Peter"]
[Black "Dembling, Arthur"]
[Result "1/2-1/2"]
[WhiteElo "2020"]
[BlackElo "1717"]
[PlyCount "129"]
[EventDate "2010.??.??"]

1. d4 Nf6 2. c4 e6 3. g3 c5 4. d5 d6 5. Bg2 Be7 6. Nc3 O-O 7. Nf3 Qb6 8. O-O
exd5 9. cxd5 Nbd7 10. a4 a6 11. a5 Qc7 12. h3 b5 13. axb6 Nxb6 14. e4 Bb7 15.
Re1 Rfe8 16. Nd2 Nfd7 17. Nb3 Nc4 18. Bf1 Nce5 19. Na5 Bc8 20. f4 Ng6 21. Qa4
Bb7 22. Nxb7 Qxb7 23. Qc6 Qxc6 24. dxc6 Nb6 25. Rxa6 Rxa6 26. Bxa6 Ra8 27. Bb7
Ra7 28. Nd5 Bd8 29. Bd2 Ne7 30. Bc3 Kf8 31. Rd1 Nbxd5 32. exd5 Ng8 33. Kf2 Nf6
34. Kf3 Ne8 35. g4 Nc7 36. g5 Nb5 37. Re1 Nc7 38. Rd1 Nb5 39. Kg4 Ra4 40. Re1
Nc7 41. Rd1 Nb5 42. Bc8 Nc7 43. Bd7 Ra7 44. h4 Ra8 45. h5 Ra4 46. Re1 Ra7 47.
h6 gxh6 48. gxh6 Ra4 49. Kf5 Bh4 50. Bg7+ Kg8 51. Rg1 Nxd5 52. Be5+ Kf8 53.
Bxd6+ Be7 54. Bxe7+ Kxe7 55. Re1+ Kd6 56. Re4 Ne7+ 57. Rxe7 Kxe7 58. Ke5 Rd4
59. Kf5 Rb4 60. Kg4 Rxb2 61. Bf5 Kd8 62. Bxh7 Rg2+ 63. Kh5 Rh2+ 64. Kg5 Rg2+
65. Kf6 {remainder illegible} 1/2-1/2

[Event "Mechanics' Winter TNM; 30/90, SD/30"]
[Site "San Francisco"]
[Date "2010.01.19"]
[Round "3.1"]
[White "Grey, Peter"]
[Black "Manvelyan, Hayk"]
[Result "0-1"]
[WhiteElo "2020"]
[BlackElo "2074"]
[PlyCount "76"]
[EventDate "2010.??.??"]

1. e4 e6 2. Nf3 d5 3. Nc3 Nf6 4. e5 Nfd7 5. d4 c5 6. dxc5 Nc6 7. Bf4 Bxc5 8.
Bd3 Nb4 9. O-O Nxd3 10. cxd3 O-O 11. d4 Bb4 12. Rc1 a6 13. a3 Be7 14. Ne2 f5
15. exf6 Nxf6 16. Bc7 Qe8 17. Ne5 Bd7 18. Ng3 Rc8 19. Re1 Bd8 20. Bxd8 Qxd8 21.
Qe2 Rxc1 22. Rxc1 Bb5 23. Qc2 Nd7 24. Nxd7 Qxd7 25. Qc7 Qxc7 26. Rxc7 Rf4 27.
Rxg7+ Kxg7 28. Nh5+ Kg6 29. Nxf4+ Kf5 30. g3 e5 31. dxe5 d4 32. e6 d3 33. Nd5
d2 34. Ne3+ Kxe6 35. f4 Ba4 36. Kf2 d1=Q 37. Nxd1 Bxd1 38. Ke3 Kd5 0-1

[Event "Mechanics' Winter TNM; 30/90, SD/30"]
[Site "San Francisco"]
[Date "2010.01.05"]
[Round "2.9"]
[White "Grey, Peter"]
[Black "Nelson, Christopher"]
[Result "1-0"]
[WhiteElo "2020"]
[BlackElo "1613"]
[PlyCount "83"]
[EventDate "2010.??.??"]

1. Nf3 f5 2. g3 Nf6 3. Bg2 e6 4. O-O Be7 5. d4 O-O 6. c4 d5 7. b3 c6 8. Ba3 Na6
9. Bxe7 Qxe7 10. Ne5 Nc7 11. Nd2 Nce8 12. Qc2 Nd6 13. Rae1 Nd7 14. Nd3 a5 15.
Nf3 b5 16. Nfe5 Bb7 17. f3 Nxe5 18. Nxe5 f4 19. e4 fxg3 20. hxg3 dxe4 21. fxe4
Rxf1+ 22. Rxf1 Qg5 23. Qf2 bxc4 24. bxc4 c5 25. Nf7 Qe7 26. Nxd6 Qxd6 27. Qf7+
Kh8 28. Qxb7 Rb8 29. Qf7 Qxd4+ 30. Kh2 Qd6 31. e5 Qd8 32. Qxe6 Qg5 33. Qd6 Qh5+
34. Kg1 Qg5 35. e6 h6 36. e7 Kh7 37. Be4+ g6 38. Bxg6+ Qxg6 39. Qxg6+ Kxg6 40.
Rf8 Rb1+ 41. Kg2 Rb2+ 42. Kf3 1-0

[Event "Mechanics' Winter TNM; 30/90, SD/30"]
[Site "San Francisco"]
[Date "2010.02.23"]
[Round "8.4"]
[White "Grey, Peter"]
[Black "Thornally, Frank"]
[Result "1/2-1/2"]
[WhiteElo "2020"]
[BlackElo "2208"]
[PlyCount "11"]
[EventDate "2010.??.??"]

1. Nf3 Nf6 2. c4 g6 3. Nc3 c5 4. g3 b6 5. Bg2 Bb7 6. Bf1 (6. O-O Bg7 7. Re1 O-O
8. d4 cxd4 9. Nxd4 Bxg2 10. Kxg2 Nc6 11. Nxc6 dxc6 12. Qxd8 Rfxd8 13. Rd1)
1/2-1/2

[Event "Mechanics' Winter TNM; 30/90, SD/30"]
[Site "San Francisco"]
[Date "2010.02.16"]
[Round "7.3"]
[White "Grey, Peter"]
[Black "Traub, Igor"]
[Result "1/2-1/2"]
[WhiteElo "2020"]
[BlackElo "2046"]
[PlyCount "51"]
[EventDate "2010.??.??"]

1. Nf3 Nf6 2. c4 d6 3. d4 g6 4. g3 Bg7 5. Bg2 O-O 6. O-O Nbd7 7. Nc3 e5 8. e4
Re8 9. h3 c6 10. Be3 Qe7 11. Re1 a6 12. Qc2 Nf8 13. Rad1 N6d7 14. a4 a5 15. d5
c5 16. Nb5 Nb8 17. Qd2 f6 18. Nh2 b6 19. f4 Na6 20. fxe5 fxe5 21. Rf1 Nd7 22.
Ng4 Nf6 23. Nxf6+ Bxf6 24. Rf2 Rf8 25. Rdf1 Bd7 26. Bh6 1/2-1/2

[Event "Mechanics' Winter TNM; 30/90, SD/30"]
[Site "San Francisco"]
[Date "2010.02.23"]
[Round "8.21"]
[White "Hilliard, Michael"]
[Black "Allen, Tom"]
[Result "0-1"]
[WhiteElo "1447"]
[BlackElo "1552"]
[PlyCount "70"]
[EventDate "2010.??.??"]

1. d4 d5 2. Nf3 Nc6 3. e3 Bg4 4. Nbd2 e5 5. dxe5 Nxe5 6. Be2 Bd6 7. b3 Nf6 8.
Bb2 Nxf3+ 9. Nxf3 c6 10. O-O O-O 11. Qd3 Ne4 12. Qd4 f6 13. h3 Bxf3 14. gxf3
Be5 15. Qb4 Bxb2 16. Rab1 Nc3 17. Rxb2 Nxe2+ 18. Kh1 Qd7 19. Kh2 Qc7+ 20. Kg2
Qe5 21. c3 Qxc3 22. Qxc3 Nxc3 23. a4 b5 24. Rc1 b4 25. Rd2 Rac8 26. Kf1 c5 27.
f4 Rfd8 28. f3 d4 29. e4 d3 30. e5 fxe5 31. fxe5 Kf7 32. Re1 Ke6 33. f4 Ne2 34.
Kf2 Nxf4 35. Re3 c4 0-1

[Event "Mechanics' Winter TNM; 30/90, SD/30"]
[Site "San Francisco"]
[Date "2010.02.02"]
[Round "5.22"]
[White "Hilliard, Michael"]
[Black "Nelson, Christopher"]
[Result "0-1"]
[WhiteElo "1447"]
[BlackElo "1613"]
[PlyCount "82"]
[EventDate "2010.??.??"]

1. d4 f5 2. Nc3 e6 3. d5 d6 4. dxe6 Bxe6 5. Bf4 Nf6 6. e3 Be7 7. Bd3 O-O 8. h4
Nc6 9. h5 Nb4 10. Nge2 c5 11. Ng3 Nxd3+ 12. Qxd3 c4 13. Qd4 Ne8 14. O-O-O Bf6
15. Qd2 Qb6 16. e4 Rd8 17. Bg5 fxe4 18. Ngxe4 d5 19. Nxf6+ Nxf6 20. Be3 Qc6 21.
Qd4 Bg4 22. h6 Bxd1 23. Kxd1 g6 24. Rh3 Rf7 25. Rf3 Qe6 26. Rf4 g5 27. Rf3 Re8
28. Kc1 Ne4 29. Rxf7 Qxf7 30. Nxd5 Re6 31. f3 Nf6 32. Bxg5 Nxd5 33. Qxc4 Rc6
34. Qd4 Rg6 35. f4 Re6 36. Kd2 Nf6 37. Kd3 Qg6+ 38. Kd2 Ne4+ 39. Kc1 Nxg5 40.
fxg5 Qxg5+ 41. Qd2 Re1# 0-1

[Event "Mechanics' Winter TNM; 30/90, SD/30"]
[Site "San Francisco"]
[Date "2010.01.05"]
[Round "2.16"]
[White "Hilliard, Michael"]
[Black "Shnaiderman, Lazar"]
[Result "0-1"]
[WhiteElo "1447"]
[BlackElo "1873"]
[PlyCount "96"]
[EventDate "2010.??.??"]

1. d4 Nf6 2. Bg5 Ne4 3. Bf4 d5 4. Nd2 Nf6 5. h4 c5 6. c3 Qb6 7. b3 cxd4 8. Rc1
dxc3 9. Rxc3 Nc6 10. Ngf3 e6 11. Ne5 Nxe5 12. Bxe5 Bd6 13. Bxf6 gxf6 14. e3 Bd7
15. h5 Ke7 16. Rh4 Rhg8 17. Qc2 Bb4 18. Rd3 Rac8 19. Qb2 Qa5 20. Rdd4 Bc3 21.
Qb1 Bxd4 22. Rxd4 f5 23. g3 Qc3 24. Rd3 Qc1+ 25. Ke2 Qxb1 26. Nxb1 Bb5 27. Kd2
Bxd3 28. Bxd3 Rg5 29. Be2 h6 30. Nc3 Rgg8 31. Nb5 a6 32. Nd4 Rc7 33. Nf3 Rgc8
34. Bd3 Kf6 35. Nd4 Kg5 36. Be2 e5 37. f4+ Kf6 38. fxe5+ Kxe5 39. Bd3 Rg8 40.
Nxf5 Rg5 41. Nxh6 Rxg3 42. Nf5 Rg2+ 43. Kd1 Rc3 44. Bb1 Rg1+ 45. Kd2 Rxb1 46.
Kxc3 Kxf5 47. h6 Rh1 48. Kd4 Ke6 0-1